Most popular baby names in Czech Republic - Statistics

General Stats
  • This quiz has been taken 309 times
  • The average score is 4 of 10
Answer Stats
Gender Answer % Correct
Boy Jan
82%
Boy Jakub
55%
Girl Anna
53%
Boy Tomáš
49%
Girl Eliška
46%
Girl Tereza
33%
Boy Adam
26%
Girl Adéla
16%
Boy Matyáš
16%
Girl Natálie
16%
No matching quizzes found
Score Distribution
Percent of People with Each Score
Percentile by Number Answered
Your Score History
You have not taken this quiz